000 01215cab a2200265 4500
001 WB2708-31
008 090401t1991 xxu||||| |||| 00| 0 eng d
035 _a(Sirsi) u14374
041 _aeng
245 _aInternational house finance systems compared
260 _c1991
350 _a0
490 _aFinancial Times
_v11/2/91 p4
490 _aGuardian
_v11/2/91 p12
490 _aTimes
_v11/2/91 p19 (2)
520 _aA comparative study of housing finance institutions round the world published in the latest Bank of England Quarterly Bulletin shows that countries with the more liberal mortgage lending policies such as Great Britain and the United States of America have a lower level of personal savings than countries such as Germany with more tightly controlled systems. Emergence of the single market and the opening up of the mortgage securitisation market and the availability of loans on an international market will have an important on the housing finance market worldwide.
650 _aFINANCIAL REGULATION
650 _aHOME OWNERSHIP
650 _aHOUSE PRICES
650 _aMORTGAGES
650 _aSECURITISATION
690 _aHOUSING-FINANCE
942 _n0
948 _c04/03/1997
999 _c9357
_d9357